Wszystkie kluby żużlowe w polskich ligach w 2025 - Statystyki

Ogólne statystyki
  • Ten quiz został rozwiązany 47 razy
  • Średni wynik to 18 z 23
Statystyki odpowiedzi
Hint Odpowiedź % Poprawnych
Ekstraliga Falubaz Zielona Góra
95%
2 Metalkas Ekstraliga Polonia Bydgoszcz
95%
2 Metalkas Ekstraliga Unia Leszno
92%
Ekstraliga Apator Toruń
86%
Ekstraliga Motor Lublin
86%
Ekstraliga Row Rybnik
86%
Ekstraliga Sparta Wrocław
86%
2 Metalkas Ekstraliga Unia Tarnów
84%
Ekstraliga Włókniarz Częstochowa
84%
Ekstraliga Gkm Grudziądz
81%
2 Metalkas Ekstraliga Orzeł Łódź
81%
2 Metalkas Ekstraliga Psż Poznań
81%
2 Metalkas Ekstraliga Wilki Krosno
81%
Ekstraliga Stal Gorzów Wielkopolski
78%
2 Metalkas Ekstraliga Stal Rzeszów
76%
KLŻ Wybrzeże Gdańsk
76%
KLŻ Start Gniezno
73%
KLŻ Kolejarz Opole
68%
KLŻ Polonia Piła
68%
2 Metalkas Ekstraliga Ostrovia Ostrów Wielkopolski
62%
KLŻ Landshut Devils
54%
KLŻ Lokomotiv Daugavpils
54%
KLŻ Speedway Kraków
54%
Nie znaleziono quizów pasujących do podanych kryteriów
Rozkład punktacji
Procent ludzi z każdym wynikiem
Percentyl według liczby udzielonych odpowiedzi
Twoja historia wyników
Nie rozwiązałeś tego quizu